|
|
|
|
| LEADER |
00000cam a2200000 7i4500 |
| 001 |
0000090986 |
| 005 |
20230322141507.0 |
| 008 |
230212 eng |
| 020 |
|
|
|a 9789673696093 (
|q (paperback))
|
| 040 |
|
|
|e rda
|
| 041 |
|
|
|a English
|
| 090 |
0 |
0 |
|a 158.1088297
|b IDA
|
| 100 |
1 |
|
|a Idayu Mumtaz Iskandar ,
|e (author)
|
| 245 |
1 |
0 |
|a Making art out of pain
|c Idayu Mumtaz Iskandar
|
| 264 |
|
1 |
|a Batu Caves, Selangor :
|b Puteh Press
|c 2022
|
| 300 |
|
|
|a xi, 177 pages ;
|c 21 cm.
|
| 336 |
|
|
|a text
|2 rdacontent
|
| 337 |
|
|
|a unmediated
|2 rdamedia
|
| 338 |
|
|
|a volume
|2 rdacarrier
|
| 541 |
|
|
|c Purchased on 2022
|f 01040 BIT
|h RM35.00
|
| 650 |
|
0 |
|a Motivation (psychology)
|x Religious aspects
|x Islam
|
| 650 |
|
0 |
|a Self-actualization (Psychology)
|
| 730 |
0 |
|
|a Title
|
| 999 |
|
|
|a 0001708322
|b Book
|c Adult Collection
|e Desa - PPAJ
|
| 999 |
|
|
|a 0001708323
|b Book
|c Adult Collection
|e Desa - PPAJ
|
| 999 |
|
|
|a 0001708366
|b Book
|c Adult Collection
|e Desa - PPAJ
|
| 999 |
|
|
|a 0001708367
|b Book
|c Adult Collection
|e Desa - PPAJ
|
| 999 |
|
|
|a 0001708368
|b Book
|c Adult Collection
|e Desa - PPAJ
|
| 999 |
|
|
|a 0001708377
|b Book
|c Adult Collection
|e Desa - PPAJ
|
| 999 |
|
|
|a 0001708378
|b Book
|c Adult Collection
|e Desa - PPAJ
|
| 999 |
|
|
|a 0001708379
|b Book
|c Adult Collection
|e Desa - PPAJ
|
| 999 |
|
|
|a 0001708380
|b Book
|c Adult Collection
|e Desa - PPAJ
|
| 999 |
|
|
|a 0001708394
|b Book
|c Adult Collection
|e Desa - PPAJ
|
| 999 |
|
|
|a 0001708395
|b Book
|c Adult Collection
|e Desa - PPAJ
|
| 999 |
|
|
|a 0001708396
|b Book
|c Adult Collection
|e Desa - PPAJ
|
| 999 |
|
|
|a 0001708397
|b Book
|c Adult Collection
|e Desa - PPAJ
|
| 999 |
|
|
|a 0001708400
|b Book
|c Adult Collection
|e Desa - PPAJ
|
| 999 |
|
|
|a 0001708412
|b Book
|c Adult Collection
|e Desa - PPAJ
|
| 999 |
|
|
|a 0001708415
|b Book
|c Adult Collection
|e Desa - PPAJ
|
| 999 |
|
|
|a 0001708418
|b Book
|c Adult Collection
|e Desa - PPAJ
|
| 999 |
|
|
|a 0001708421
|b Book
|c Adult Collection
|e Desa - PPAJ
|
| 999 |
|
|
|a 0001708423
|b Book
|c Adult Collection
|e Desa - PPAJ
|
| 999 |
|
|
|a 0001708425
|b Book
|c Adult Collection
|e Desa - PPAJ
|
| 999 |
|
|
|a 0001708427
|b Book
|c Adult Collection
|e Desa - PPAJ
|
| 999 |
|
|
|a 0001708437
|b Book
|c Adult Collection
|e Desa - PPAJ
|
| 999 |
|
|
|a 0001708438
|b Book
|c Adult Collection
|e Desa - PPAJ
|
| 999 |
|
|
|a 0001708439
|b Book
|c Adult Collection
|e Desa - PPAJ
|
| 999 |
|
|
|a 0001708440
|b Book
|c Adult Collection
|e Desa - PPAJ
|
| 999 |
|
|
|a 0001708441
|b Book
|c Adult Collection
|e Desa - PPAJ
|
| 999 |
|
|
|a 0001708442
|b Book
|c Adult Collection
|e Desa - PPAJ
|
| 999 |
|
|
|a 0001708443
|b Book
|c Adult Collection
|e Desa - PPAJ
|
| 999 |
|
|
|a 0001708444
|b Book
|c Adult Collection
|e Desa - PPAJ
|
| 999 |
|
|
|a 0001708453
|b Book
|c Adult Collection
|e Desa - PPAJ
|
| 999 |
|
|
|a 0001708454
|b Book
|c Adult Collection
|e Desa - PPAJ
|
| 999 |
|
|
|a 0001708455
|b Book
|c Adult Collection
|e Desa - PPAJ
|
| 999 |
|
|
|a 0001708456
|b Book
|c Adult Collection
|e Desa - PPAJ
|
| 999 |
|
|
|a 0001708457
|b Book
|c Adult Collection
|e Desa - PPAJ
|
| 999 |
|
|
|a 0001708463
|b Book
|c Adult Collection
|e Desa - PPAJ
|
| 999 |
|
|
|a 0001708469
|b Book
|c Adult Collection
|e Desa - PPAJ
|
| 999 |
|
|
|a 0001708470
|b Book
|c Adult Collection
|e Desa - PPAJ
|
| 999 |
|
|
|a 0001708471
|b Book
|c Adult Collection
|e Desa - PPAJ
|
| 999 |
|
|
|a 0001708472
|b Book
|c Adult Collection
|e Desa - PPAJ
|
| 999 |
|
|
|a 0001708475
|b Book
|c Adult Collection
|e Desa - PPAJ
|
| 999 |
|
|
|a 0001708478
|b Book
|c Adult Collection
|e Desa - PPAJ
|
| 999 |
|
|
|a 0001711538
|b Book
|c Adult Collection
|e Perbadanan Perpustakaan Awam Johor
|
| 999 |
|
|
|a 0001713204
|b Book
|c Adult Collection
|e Cawangan Urban Transformation Centre
|
| 999 |
|
|
|a 0001713205
|b Book
|c Adult Collection
|e Cawangan AEON Kulaijaya
|
| 999 |
|
|
|a 0001713206
|b Book
|c Adult Collection
|e Cawangan Segamat
|
| 999 |
|
|
|a 0001713207
|b Book
|c Adult Collection
|e Cawangan Tmn. Ungku Tun Aminah
|
| 999 |
|
|
|a 0001713208
|b Book
|c Adult Collection
|e Cawangan Bandar Penawar
|
| 999 |
|
|
|a 0001713209
|b Book
|c Adult Collection
|e Cawangan Bandar Tenggara
|
| 999 |
|
|
|a 0001713210
|b Book
|c Adult Collection
|e Cawangan Kota Tinggi
|
| 999 |
|
|
|a 0001713211
|b Book
|c Adult Collection
|e Cawangan Muar
|
| 999 |
|
|
|a 0001713212
|b Book
|c Adult Collection
|e Perbadanan Perpustakaan Awam Johor
|
| 999 |
|
|
|a 0001713213
|b Book
|c Adult Collection
|e Cawangan Bukit Gambir
|
| 999 |
|
|
|a 0001713214
|b Book
|c Adult Collection
|e Cawangan Mersing
|
| 999 |
|
|
|a 0001713215
|b Book
|c Adult Collection
|e Cawangan Tangkak
|
| 999 |
|
|
|a 0001713216
|b Book
|c Adult Collection
|e Cawangan Batu Pahat
|
| 999 |
|
|
|a 0001713217
|b Book
|c Adult Collection
|e Cawangan Sri Merlong
|
| 999 |
|
|
|a 0001713218
|b Book
|c Adult Collection
|e Cawangan Pontian
|
| 999 |
|
|
|a 0001713219
|b Book
|c Adult Collection
|e Perbadanan Perpustakaan Awam Johor
|